| 000 | 00556nam a22001937a 4500 | ||
|---|---|---|---|
| 003 | OSt | ||
| 005 | 20180116183057.0 | ||
| 008 | 161025b xxu||||| |||| 00| 0 eng d | ||
| 020 | _a9693506294 | ||
| 040 | _c0 | ||
| 082 | _a320.954 JAL 1969 | ||
| 100 | _aJalal,Ayesha | ||
| 245 |
_aDemocracy and Authoritarianism in South Asia : _bA Comparative and Bistorical Perspective _cAyesha Jalal |
||
| 260 |
_aLahore _bSANGE-MEEL _c1969 |
||
| 300 |
_a295p. _bPB. |
||
| 440 | _aDemocracy and Authoritarianism in South Asia : | ||
| 500 | _aPB. | ||
| 942 |
_2ddc _cBK |
||
| 999 |
_c351890 _d351890 |
||